Lasers, principles and applications / (Record no. 180970)

000 -LEADER
fixed length control field 00946 a2200229 4500
003 - CONTROL NUMBER IDENTIFIER
control field Nust
005 - DATE AND TIME OF LATEST TRANSACTION
control field 20221116170454.0
010 ## - LIBRARY OF CONGRESS CONTROL NUMBER
LC control number 87018683
020 ## - INTERNATIONAL STANDARD BOOK NUMBER
International Standard Book Number 0135236975 (pbk.)
020 ## - INTERNATIONAL STANDARD BOOK NUMBER
International Standard Book Number 013523705X
040 ## - CATALOGING SOURCE
Transcribing agency Nust
082 00 - DEWEY DECIMAL CLASSIFICATION NUMBER
Classification number 621.366,WIL
100 1# - MAIN ENTRY--PERSONAL NAME
Personal name Wilson, J.
9 (RLIN) 102738
245 10 - TITLE STATEMENT
Title Lasers, principles and applications /
Statement of responsibility, etc. J. Wilson, J.F.B. Hawkes.
260 ## - PUBLICATION, DISTRIBUTION, ETC.
Place of publication, distribution, etc. New York :
Name of publisher, distributor, etc. Prentice Hall,
Date of publication, distribution, etc. 1987.
300 ## - PHYSICAL DESCRIPTION
Extent xii, 308 p. :
Other physical details ill. ;
Dimensions 24 cm.
440 #0 - SERIES STATEMENT/ADDED ENTRY--TITLE
Title Prentice Hall international series in optoelectronics
9 (RLIN) 102739
505 ## - FORMATTED CONTENTS NOTE
Formatted contents note Laser Fundamentals (Page-1), Operation Of Practical Lasers (Page-35), Properties Of Laser Radiation (Page-90), Metrological And Scientific Applications (Page-128), Industrial, Medical And Military Applications (Page-165), Holography (Page-204), Optical Information Transmission And Storage (Page-236).
650 #0 - SUBJECT ADDED ENTRY--TOPICAL TERM
Topical term or geographic name entry element Lasers.
700 1# - ADDED ENTRY--PERSONAL NAME
Personal name Hawkes, J. F. B.,
Dates associated with a name 1942-
9 (RLIN) 102740
942 ## - ADDED ENTRY ELEMENTS (KOHA)
Source of classification or shelving scheme
Koha item type Book
Holdings
Withdrawn status Lost status Source of classification or shelving scheme Damaged status Not for loan Permanent Location Current Location Shelving location Date acquired Full call number Barcode Date last seen Price effective from Koha item type Public note
          Military College of Signals (MCS) Military College of Signals (MCS) General Stacks 12/12/2016 621.366,WIL MCS757 12/08/2016 12/12/2016 Book Almirah No.30, Shelf No.2
© 2023 Central Library, National University of Sciences and Technology. All Rights Reserved.